Score 0/20 Timer 04:00
1 Play Today
Title Repeated Word % Correct
Chitty Chitty ___ ___Bang
98.3%
___ Night, and ___ LuckGood
97.6%
___ Good ___ It GetsAs
93.7%
____ ____ WestWild
93.2%
___, Summer, Fall, Winter... and ___Spring
86.8%
To ___ or Not to ___Be
84.9%
___ Can't Take It with ___You
84%
Interview with the ___: The ___ ChroniclesVampire
78.6%
___ Brides for ___ BrothersSeven
78%
___ vs. ___Kramer
77.5%
Title Repeated Word % Correct
____ Say ____ AgainNever
73.8%
___ Shoot Horses, Don't ___?They
73.5%
___ Bloody ___Sunday
72.3%
___ Lola ___Run
66.1%
It's a ___ ___ ___ ___ WorldMad
63.8%
To ___ and ___ NotHave
59.4%
___ ___, Bang BangKiss
52%
___ After ___Time
49.3%
The ___ ___ BackWay
45.5%
___ Baby ___Gone
43.2%
Remove Ads.
Support Sporcle.
Get the best of Sporcle when you Go Orange. This ad-free experience offers more features, more stats, and more fun while also helping to support Sporcle. Thank you for becoming a member.

You're not logged in!

Compare scores with friends on all Sporcle quizzes.
OR
Log In

Show Comments

Extras

Top Quizzes Today


Score Distribution

Your Account Isn't Verified!

In order to create a playlist on Sporcle, you need to verify the email address you used during registration. Go to your Sporcle Settings to finish the process.

Report this User

Report this user for behavior that violates our Community Guidelines.

Details: